000 00255nam a22001097a 4500
008 240708b |||||||| |||| 00| 0 eng d
100 _aMitra, Usha devi
_916632
245 _aDiya
260 _aDelhi:
_bNational Pub;
_c1962.
300 _a255p.
942 _cBK
999 _c40459
_d40459